00369nam a2200133Ia 4500020001800000082001800018100002100036245005400057260005000111300001400161504002600175650001700201650001700218 a9788170546474 a341.481 YAD-D aYadav, Lal Dhari 0aDevelopment of human rights in secondary students aNew DelhibClassical Publishing Companyc2013 axii, 206p aIncludes bibliography aHuman Rights aCivil Rights